[Event "Nakhchivan Open 2016"]
[Site "Nakhchivan AZE"]
[Date "2016.05.12"]
[Round "3.3"]
[White "Mamedjarova, Zeinab"]
[Black "Kuzubov, Yuriy"]
[Result "0-1"]
[WhiteTitle "WGM"]
[BlackTitle "GM"]
[WhiteElo "2236"]
[BlackElo "2632"]
[WhiteFideId "13401521"]
[BlackFideId "14112906"]
[EventDate "2016.05.10"]

1. d4 e6 2. e3 Nf6 3. Bd3 c5 4. f4 d5 5. c3 Nbd7 6. Nd2 Be7 7. Ngf3 O-O 8. O-O
Ne8 9. e4 cxd4 10. Nxd4 Nc5 11. Bc2 Nxe4 12. Nxe4 dxe4 13. Bxe4 Nf6 14. Bc2 b6
15. Qf3 Ba6 16. Re1 Qc7 17. Kh1 Bb7 18. Qh3 Rad8 19. Nf3 Bc5 20. Ne5 Be4 21.
Bxe4 Nxe4 22. Be3 Rd5 23. Bg1 Nf6 24. Qf3 Bxg1 25. Kxg1 Rfd8 26. Rad1 h6 27. h3
b5 28. Kh2 Rxd1 29. Rxd1 Rxd1 30. Qxd1 Nd5 31. Qd4 f6 32. Nd3 Qc4 33. a3 Qxd4
34. cxd4 Ne3 35. Nb4 Nc4 36. Nc6 a6 37. Nb4 Nxb2 38. Nxa6 Nc4 39. Nc7 Nxa3 40.
Nxe6 Kf7 41. Nc5 Nc2 42. Nb3 Ke6 43. Kg3 Kd5 44. Kg4 Nxd4 45. Nd2 g6 46. Kh4 b4
47. g4 b3 48. f5 gxf5 49. gxf5 Nxf5+ 50. Kh5 b2 51. Kg6 Ng3 52. Kxh6 f5 0-1

[Event "Nakhchivan Open 2016"]
[Site "Nakhchivan AZE"]
[Date "2016.05.12"]
[Round "3.4"]
[White "Tiviakov, Sergei"]
[Black "Beradze, Irakli"]
[Result "1/2-1/2"]
[WhiteTitle "GM"]
[WhiteElo "2591"]
[BlackElo "2425"]
[WhiteFideId "1008013"]
[BlackFideId "13604597"]
[EventDate "2016.05.10"]

1. e4 e5 2. Bc4 Nc6 3. Nf3 Nf6 4. Qe2 Be7 5. c3 O-O 6. Bb3 Bc5 7. d3 d6 8. Bg5
h6 9. Bh4 Be6 10. Bc2 a5 11. a4 Ba7 12. Nbd2 Re8 13. h3 g5 14. Bg3 Ne7 15. Nc4
Ng6 16. O-O-O Qd7 17. d4 exd4 18. Nxd4 Nxe4 19. Qxe4 Bxc4 20. Qxb7 Bxd4 21. Rxd4
Rab8 22. Qf3 Bb3 23. Bf5 1/2-1/2

[Event "Nakhchivan Open 2016"]
[Site "Nakhchivan AZE"]
[Date "2016.05.12"]
[Round "3.5"]
[White "Sevgi, Volkan"]
[Black "Khenkin, Igor"]
[Result "1/2-1/2"]
[WhiteTitle "FM"]
[BlackTitle "GM"]
[WhiteElo "2210"]
[BlackElo "2575"]
[WhiteFideId "6325335"]
[BlackFideId "4659600"]
[EventDate "2016.05.10"]

1. e4 e6 2. d4 d5 3. Nd2 a6 4. Ngf3 c5 5. exd5 exd5 6. dxc5 Bxc5 7. Nb3 Bb6 8.
Be2 Nc6 9. c3 Nf6 10. Nbd4 O-O 11. O-O Re8 12. Be3 Qd6 13. Nc2 Bc7 14. g3 Bh3
15. Re1 Qd7 16. Bd4 Ne4 17. Ne3 Rad8 18. Qb3 Nxd4 19. cxd4 Re6 20. Bd3 Nf6 1/2-1/2

[Event "Nakhchivan Open 2016"]
[Site "Nakhchivan AZE"]
[Date "2016.05.12"]
[Round "3.6"]
[White "Rasulov, Vugar"]
[Black "Mustafin, Andrey"]
[Result "1-0"]
[WhiteTitle "GM"]
[BlackTitle "FM"]
[WhiteElo "2486"]
[BlackElo "2299"]
[WhiteFideId "13402390"]
[BlackFideId "13406744"]
[EventDate "2016.05.10"]

1. d4 Nf6 2. c4 g6 3. Nc3 Bg7 4. e4 d6 5. Nf3 O-O 6. Be2 c5 7. O-O Bg4 8. d5
Nfd7 9. Ng5 Bxe2 10. Qxe2 h6 11. Nh3 Kh7 12. f4 e6 13. dxe6 fxe6 14. f5 Qf6 15.
Nf4 gxf5 16. exf5 Qxf5 17. Bd2 Re8 18. Nb5 Nc6 19. Nxd6 Nd4 20. Qd1 Qe5 21. Nxe8
Rxe8 22. Qb1+ Nf5 23. Bc3 Qe3+ 24. Kh1 Kg8 25. Rf3 1-0

[Event "Nakhchivan Open 2016"]
[Site "Nakhchivan AZE"]
[Date "2016.05.12"]
[Round "3.7"]
[White "Pavlov, Sergey2"]
[Black "Karayev, Kanan"]
[Result "1/2-1/2"]
[WhiteTitle "IM"]
[BlackTitle "CM"]
[WhiteElo "2452"]
[BlackElo "2216"]
[WhiteFideId "14114330"]
[BlackFideId "13406671"]
[EventDate "2016.05.10"]

1. Nf3 Nf6 2. c4 g6 3. g3 Bg7 4. Bg2 O-O 5. O-O d6 6. d4 Nc6 7. Nc3 a6 8. Bf4
Rb8 9. Rc1 Bd7 10. Qd2 b5 11. Nd5 bxc4 12. Nxf6+ Bxf6 13. Rxc4 e5 14. dxe5 Nxe5
15. Nxe5 dxe5 16. Bh6 Be6 17. Rc2 Qxd2 18. Rxd2 Bg7 19. Bxg7 Kxg7 20. b3 Rfd8
21. Rc2 Rd7 22. Rfc1 Rbd8 23. Bb7 Rd1+ 24. Rxd1 Rxd1+ 25. Kg2 a5 26. f3 Ra1 27.
Kf2 g5 28. g4 h5 29. gxh5 Kh6 30. Bc6 Kxh5 31. Ba4 g4 32. Rc5 gxf3 33. Rxe5+ Kg6
34. exf3 Rxa2+ 35. Kg3 Ra3 36. Rb5 c6 37. Rb6 c5 38. Bd7 Rxb3 39. Ra6 Ra3 40.
Bxe6 fxe6 41. Rxe6+ Kf7 1/2-1/2

[Event "Nakhchivan Open 2016"]
[Site "Nakhchivan AZE"]
[Date "2016.05.12"]
[Round "3.8"]
[White "Enkhtuul, Altan-Ulzii"]
[Black "Mammadov, Zaur"]
[Result "1-0"]
[WhiteTitle "WGM"]
[BlackTitle "GM"]
[WhiteElo "2208"]
[BlackElo "2465"]
[WhiteFideId "4901444"]
[BlackFideId "13401033"]
[EventDate "2016.05.10"]

1. d4 Nf6 2. Nf3 g6 3. Bf4 Bg7 4. e3 d5 5. c4 O-O 6. Be2 dxc4 7. Bxc4 c5 8. O-O
cxd4 9. Nxd4 Ne4 10. Qc2 Nd6 11. Bxd6 Qxd6 12. Rd1 Qb6 13. Nc3 Nc6 14. Nd5 Nxd4
15. Rxd4 Qd6 16. Rd2 Rb8 17. Nc3 Qc5 18. Nb5 Qb6 19. a4 a6 20. a5 Qf6 21. Nc3
Qh4 22. Qb3 Be5 23. g3 Qh6 24. Nd5 Bd6 25. Nf6+ Kh8 26. Ne4 Be5 27. f4 Bc7 28.
Bxf7 Qg7 29. Be6 b6 30. Bxc8 Rfxc8 31. Rd7 h6 32. Rc1 bxa5 33. Rcxc7 Rxb3 34.
Rxc8+ Kh7 35. Re8 Rxb2 36. Rexe7 Qxe7 37. Rxe7+ Kg8 38. Re6 1-0

[Event "Nakhchivan Open 2016"]
[Site "Nakhchivan AZE"]
[Date "2016.05.12"]
[Round "3.9"]
[White "Alekseev, Evgeny"]
[Black "Bayramov, Elvin"]
[Result "1-0"]
[WhiteTitle "GM"]
[WhiteElo "2633"]
[BlackElo "2262"]
[WhiteFideId "4138147"]
[BlackFideId "13406655"]
[EventDate "2016.05.10"]

1. e4 c5 2. Nf3 Nc6 3. d4 cxd4 4. Nxd4 e5 5. Nb5 d6 6. c4 a6 7. N5c3 Be7 8. Nd5
Nf6 9. Nxe7 Qxe7 10. Nc3 Be6 11. Be3 O-O 12. Be2 Rac8 13. O-O Na5 14. b3 b5 15.
Bb6 Nb7 16. Nd5 Bxd5 17. exd5 bxc4 18. Bxc4 Nc5 19. Rc1 Qb7 20. Ba5 Ncd7 21. Qd2
Rb8 22. Rfd1 Nb6 23. Be2 Nbxd5 24. Bf3 Rfc8 25. Rc4 Qb5 26. h3 e4 27. Be2 Qb7
28. Rd4 Ne7 29. Rxd6 Nc6 30. Bc3 e3 31. Qxe3 Re8 32. Qf3 Nb4 33. Rxf6 Nxa2 34.
Bc4 Nxc3 35. Rxf7 Ne2+ 36. Qxe2 1-0

[Event "Nakhchivan Open 2016"]
[Site "Nakhchivan AZE"]
[Date "2016.05.12"]
[Round "3.10"]
[White "Abasov, Nijat"]
[Black "Mamedjarova, Turkan"]
[Result "1-0"]
[WhiteTitle "GM"]
[BlackTitle "WGM"]
[WhiteElo "2571"]
[BlackElo "2257"]
[WhiteFideId "13402960"]
[BlackFideId "13402005"]
[EventDate "2016.05.10"]

1. d4 d5 2. Nf3 Nf6 3. c4 e6 4. g3 c6 5. Bg2 Bd6 6. O-O Nbd7 7. Qc2 O-O 8. Rd1
Qe7 9. Bg5 h6 10. Bxf6 Nxf6 11. Nbd2 e5 12. dxe5 Bxe5 13. cxd5 cxd5 14. Nxe5
Qxe5 15. Nf3 Qe4 16. Rac1 Bf5 17. Qd2 Qe7 18. Nd4 Be4 19. Bh3 Qe5 20. f3 Bh7 21.
Rc3 Rfe8 22. Rdc1 a6 23. Rc7 Re7 24. Qf4 Qxf4 25. gxf4 Rxc7 26. Rxc7 Bb1 27. a3
b6 28. Bc8 a5 29. a4 Ne8 30. Rc6 Nd6 31. Bd7 Nc4 32. b3 Ra7 33. Bh3 Nd2 34. Kf2
Ba2 35. Rc3 Re7 36. Ke1 1-0

[Event "Nakhchivan Open 2016"]
[Site "Nakhchivan AZE"]
[Date "2016.05.12"]
[Round "3.11"]
[White "Mammadova, Narmin"]
[Black "Bashirli, Nail"]
[Result "0-1"]
[WhiteTitle "WIM"]
[BlackTitle "FM"]
[WhiteElo "2183"]
[BlackElo "2384"]
[WhiteFideId "13403710"]
[BlackFideId "13406809"]
[EventDate "2016.05.10"]

1. Nf3 Nf6 2. g3 b5 3. Bg2 Bb7 4. Na3 a6 5. c4 e5 6. cxb5 Bxa3 7. bxa3 axb5 8.
O-O d6 9. Rb1 c6 10. d4 e4 11. Nd2 Qe7 12. Qc2 d5 13. Nb3 Nbd7 14. Qc3 O-O 15.
Na5 Nb6 16. Bg5 Qd7 17. Bxf6 gxf6 18. f3 e3 19. Nxb7 Qxb7 20. Qxe3 Rfe8 21. Qh6
Rxe2 22. Qxf6 Re6 23. Qg5+ Rg6 24. Qf4 Qb8 25. Qf5 Qc8 26. Qf4 Qb8 27. Qf5 Nc4
28. Rbe1 Qa7 29. Qf4 Qxa3 30. Re2 Qd6 31. Qc1 Qf6 32. Qd1 h5 33. Rfe1 Kg7 34.
Qa1 h4 35. g4 h3 36. Bh1 Ra3 37. Rf2 Rd3 38. Rd1 Rxd1+ 39. Qxd1 Qf4 40. Re2 Re6
41. Rxe6 fxe6 42. Qd3 b4 43. g5 Qc1+ 0-1

[Event "Nakhchivan Open 2016"]
[Site "Nakhchivan AZE"]
[Date "2016.05.12"]
[Round "3.12"]
[White "Kazimova, Narmin"]
[Black "Mammadzada, Gunay"]
[Result "0-1"]
[WhiteTitle "WGM"]
[BlackTitle "WGM"]
[WhiteElo "2364"]
[BlackElo "2318"]
[WhiteFideId "13402951"]
[BlackFideId "13403729"]
[EventDate "2016.05.10"]

1. c4 e5 2. Nc3 c5 3. g3 g6 4. Bg2 Bg7 5. Nf3 Ne7 6. O-O Nbc6 7. Ne1 d6 8. Nc2
O-O 9. d3 Rb8 10. Rb1 Be6 11. a3 d5 12. cxd5 Nxd5 13. Ne4 b6 14. Bd2 h6 15. b4
cxb4 16. axb4 Rc8 17. b5 Nce7 18. Bb4 f5 19. Nd2 Qc7 20. Rc1 Qd7 21. Rb1 Rfd8
22. e4 Nc7 23. Na3 f4 24. Ndc4 Ne8 25. Qa4 g5 26. Rfd1 Ng6 27. Bc3 h5 28. Qc2
Nd6 29. Nxd6 Qxd6 30. Qb2 h4 31. Bb4 Qd7 32. Qe2 g4 33. Bf1 hxg3 34. hxg3 Bh6
35. Nc4 Qd4 36. Kh1 Bf8 37. Bd2 Bc5 38. Be1 fxg3 39. Qe3 gxf2 40. Bxf2 Bxc4 41.
Qxd4 Bxd4 42. Bxd4 exd4 43. dxc4 Ne5 44. Rb2 d3 45. Rbd2 Rd4 46. Kg2 Rf8 47. Rf2
Rfd8 48. Rfd2 Nxc4 49. Rxd3 Ne3+ 50. Rxe3 Rxd1 51. Rg3 R8d2+ 52. Kg1 Rb2 53.
Rxg4+ Kf7 0-1

[Event "Nakhchivan Open 2016"]
[Site "Nakhchivan AZE"]
[Date "2016.05.12"]
[Round "3.13"]
[White "Hojjatova, Aydan"]
[Black "Pirverdiyev, Agil"]
[Result "0-1"]
[WhiteTitle "WFM"]
[WhiteElo "2300"]
[BlackElo "2355"]
[WhiteFideId "13401491"]
[BlackFideId "13400568"]
[EventDate "2016.05.10"]

1. e4 c6 2. Nf3 d5 3. exd5 cxd5 4. Ne5 Nc6 5. d4 Nf6 6. c3 Qb6 7. Bd3 Nxe5 8.
dxe5 Nd7 9. Qe2 Nc5 10. Bb5+ Bd7 11. Bxd7+ Nxd7 12. Be3 Qc6 13. f4 e6 14. Nd2
Bc5 15. Nf3 Bxe3 16. Qxe3 Qc4 17. b3 Qa6 18. Kf2 Rc8 19. Rhd1 Qa5 20. Rdc1 O-O
21. a4 Qd8 22. Kg1 a6 23. Qd4 Nc5 24. Nd2 Qb6 25. Rab1 Rfd8 26. h3 a5 27. Kh2
Qa6 28. b4 axb4 29. cxb4 Qd3 30. Qxd3 Nxd3 31. Rxc8 Rxc8 32. Nb3 g5 33. fxg5
Nxe5 34. a5 Kf8 35. Nc5 Rc7 36. Kg3 Ke7 37. Kf4 Nc6 38. Nd3 Kd6 39. Re1 Nxb4 40.
Nxb4 Rc4+ 41. Ke3 Rxb4 42. Rf1 Rb3+ 43. Ke2 Ke7 44. Rc1 e5 45. Rc8 e4 46. Rh8 d4
47. Rxh7 Rb2+ 48. Kf1 Rb1+ 49. Kf2 e3+ 50. Kf3 Rf1+ 51. Ke2 Rf2+ 52. Kd3 Rd2+ 0-1

[Event "Nakhchivan Open 2016"]
[Site "Nakhchivan AZE"]
[Date "2016.05.12"]
[Round "3.14"]
[White "Muradli, Mahammad"]
[Black "Bayramov, Zaur"]
[Result "1-0"]
[WhiteTitle "FM"]
[WhiteElo "2352"]
[BlackElo "2241"]
[WhiteFideId "13409301"]
[BlackFideId "13405080"]
[EventDate "2016.05.10"]

1. d4 Nf6 2. c4 g6 3. Nc3 d5 4. Nf3 Bg7 5. Bg5 Ne4 6. Bh4 Nxc3 7. bxc3 c5 8.
cxd5 cxd4 9. cxd4 Qxd5 10. e3 Nc6 11. Be2 Bf5 12. O-O O-O 13. Nd2 Qd7 14. Bf3
Bd3 15. Re1 Rac8 16. Nb3 Bc4 17. Nc5 Qc7 18. Qc1 b5 19. a4 Ne5 20. Be2 Bxe2 21.
Rxe2 bxa4 22. Qa3 Ng4 23. Bg3 Qc6 24. h3 Nh6 25. Qxa4 e5 26. Qxc6 Rxc6 27. Bxe5
Bxe5 28. Nd7 Bd6 29. Nxf8 Kxf8 30. g4 Bb8 31. Rb2 Rc8 32. Rb7 Ng8 33. Rab1 Bd6
34. Rxa7 Ne7 35. Rd7 Rc6 36. Rd8+ Kg7 37. Rb7 Kf6 38. Kg2 Ra6 39. h4 h5 40. e4
Ke6 41. g5 Ra4 42. e5 Ba3 43. Rb6+ Kf5 44. Kf3 Ng8 45. Rxg8 Rxd4 46. Rf6+ Kxe5
47. Re8+ 1-0

[Event "Nakhchivan Open 2016"]
[Site "Nakhchivan AZE"]
[Date "2016.05.12"]
[Round "3.15"]
[White "Naghdiyev, Niyazi"]
[Black "Khalafova, Narmin"]
[Result "1-0"]
[WhiteTitle "FM"]
[BlackTitle "WIM"]
[WhiteElo "2351"]
[BlackElo "2193"]
[WhiteFideId "13405519"]
[BlackFideId "13402625"]
[EventDate "2016.05.10"]

1. d4 d5 2. c4 c6 3. Nf3 Nf6 4. e3 e6 5. a3 dxc4 6. Bxc4 Nbd7 7. O-O Bd6 8. Nbd2
O-O 9. h3 b5 10. Bd3 Bb7 11. a4 a6 12. Ne4 Nxe4 13. Bxe4 f5 14. Bb1 c5 15. axb5
axb5 16. Rxa8 Bxa8 17. dxc5 Nxc5 18. b4 Ne4 19. Nd4 Nc3 20. Qb3 Qc8 21. Bb2 Nxb1
22. Rxb1 Bd5 23. Qc3 Qxc3 24. Bxc3 Bc4 25. Ra1 e5 26. Nc6 e4 27. Ra7 Rf7 28.
Ra8+ Rf8 29. Ra7 Rf7 30. Ra6 Rd7 31. Be5 Bf8 32. Bd4 h6 33. Ra8 Bd5 34. Bc5 Bxc6
35. Rxf8+ Kh7 36. Rxf5 Kg6 37. Rf8 Rd1+ 38. Kh2 Rd3 39. Bd4 h5 40. Rg8 Kh6 41.
Rc8 Bd5 42. Rc5 Bc4 43. Rc6+ Kh7 44. Rc7 Rd2 45. Kg3 Ra2 46. Rxg7+ Kh6 47. Re7
Ra6 48. Kh4 Ra2 49. Kg3 Ra6 50. Rc7 Bf1 51. Rc1 Bc4 52. f3 Rg6+ 53. Kf2 exf3 54.
gxf3 h4 55. Ra1 Rg3 56. Be5 Rg8 57. Ra6+ Kh7 58. Bf6 Rg3 59. Bxh4 Rxh3 60. Bg3
Rh1 61. e4 Rb1 62. Bd6 Rb3 63. Bc5 Kg7 64. e5 Kf7 65. Rf6+ Kg7 66. Bf8+ Kg8 67.
Kg3 Bd5 68. Kg4 Re3 69. Bd6 Kg7 70. f4 Bb3 71. f5 Bf7 72. Bf8+ Kg8 73. e6 Be8
74. Bc5 Re4+ 75. Kg5 Bc6 76. Rg6+ Kh7 77. Kf6 Rf4 78. Rg5 Rf1 79. Kf7 Kh6 80.
Be3 1-0

[Event "Nakhchivan Open 2016"]
[Site "Nakhchivan AZE"]
[Date "2016.05.12"]
[Round "3.16"]
[White "Suleymanli, Aydin"]
[Black "Hasanzade, Toghrul"]
[Result "0-1"]
[WhiteTitle "CM"]
[BlackTitle "FM"]
[WhiteElo "2091"]
[BlackElo "2326"]
[WhiteFideId "13413937"]
[BlackFideId "13407716"]
[EventDate "2016.05.10"]

1. d4 Nf6 2. c4 c5 3. d5 b5 4. cxb5 a6 5. b6 g6 6. Nc3 Qxb6 7. e4 d6 8. f4 Bg7
9. Nf3 O-O 10. Bc4 Qb4 11. Nd2 Nbd7 12. O-O Ne8 13. Qc2 Nc7 14. a3 Qb8 15. a4
Bb7 16. Nf3 Nb6 17. Ba2 a5 18. Re1 Na6 19. Be3 Nb4 20. Qd2 Ba6 21. e5 Qc7 22.
Ng5 dxe5 23. Nge4 Nxa2 24. Rxa2 Nc4 25. Qd1 Nxe3 26. Rxe3 exf4 27. Rh3 Qe5 28.
Kh1 Rac8 29. Ra1 Rfd8 30. Qd2 e6 31. Re1 Qd4 32. Qxf4 exd5 33. Rd1 dxe4 34. Rxd4
cxd4 35. Nxe4 d3 36. Rf3 Rd7 37. Nd2 Bxb2 38. h4 Re8 39. Re3 Rc8 40. Rf3 Bc3 41.
Rf2 Bd4 42. Rf3 Re8 43. h5 Re1+ 44. Rf1 Re5 45. g4 g5 46. Qg3 Rde7 47. Rb1 R5e6
48. Nf3 Be3 49. Rb8+ Kg7 50. Qg2 d2 51. Nxd2 Bxd2 52. Qa8 Re1+ 53. Kg2 R7e2+ 54.
Kh3 Re3+ 55. Kg2 R1e2+ 56. Kf1 Rf3+ 57. Qxf3 Re3+ 58. Kf2 Rxf3+ 59. Kxf3 Bc4 60.
Ke4 Be6 0-1

[Event "Nakhchivan Open 2016"]
[Site "Nakhchivan AZE"]
[Date "2016.05.12"]
[Round "3.17"]
[White "Burmakin, Vladimir"]
[Black "Balajayeva, Khanim"]
[Result "1-0"]
[WhiteTitle "GM"]
[BlackTitle "WFM"]
[WhiteElo "2554"]
[BlackElo "2180"]
[WhiteFideId "4105109"]
[BlackFideId "13406396"]
[EventDate "2016.05.10"]

1. Nf3 f5 2. g3 Nf6 3. Bg2 e6 4. O-O d5 5. c4 Bd6 6. Nc3 c6 7. d3 Bc7 8. e4 d4
9. e5 Ng4 10. Ne2 c5 11. Bg5 Qd7 12. Bf4 Nc6 13. Re1 Ngxe5 14. Bxe5 Bxe5 15.
Nxe5 Nxe5 16. Nf4 Qd6 17. Qe2 Ng6 18. Nxe6 Bxe6 19. Bd5 Kd8 20. Qxe6 Qxe6 21.
Rxe6 Kd7 22. Rae1 Rae8 23. h4 Rhf8 24. h5 Nh8 25. Rxe8 Rxe8 26. Rxe8 Kxe8 27.
Bxb7 Nf7 28. f4 Ke7 29. Bd5 Nh6 30. Kf2 Ng4+ 31. Ke2 a5 32. Bf3 Ne3 33. Ke1 Kf6
34. b3 Ke6 35. Be2 Kd6 36. Kd2 Kc7 37. Kc1 Kb6 38. Bf3 g6 39. Kb2 Nf1 40. h6 g5 1-0

[Event "Nakhchivan Open 2016"]
[Site "Nakhchivan AZE"]
[Date "2016.05.12"]
[Round "3.18"]
[White "Zarinfam, Arsalan"]
[Black "Malakhatko, Vadim"]
[Result "0-1"]
[WhiteTitle "FM"]
[BlackTitle "GM"]
[WhiteElo "2301"]
[BlackElo "2501"]
[WhiteFideId "12504262"]
[BlackFideId "14104202"]
[EventDate "2016.05.10"]

1. e4 c5 2. Nf3 e6 3. c3 Nf6 4. e5 Nd5 5. d4 cxd4 6. cxd4 d6 7. Bc4 Nb6 8. Bd3
dxe5 9. dxe5 Na6 10. O-O Nc5 11. Be2 Nd5 12. Qd4 Bd7 13. Rd1 Be7 14. Qg4 Kf8 15.
h4 h5 16. Qd4 Qb6 17. Na3 Na4 18. Qxb6 Naxb6 19. Nb5 a6 20. Nbd4 Ba4 21. b3 Bd7
22. Bd2 Ba3 23. Nc2 Bb2 24. Rab1 Bc3 25. Ne3 Bxd2 26. Nxd5 Nxd5 27. Rxd2 Ke7 28.
Bc4 Bc6 29. Nd4 Rhd8 30. Nxc6+ bxc6 31. Rc1 g6 32. g3 a5 33. Kf1 Nb4 34. Rb2
Rab8 35. Ke2 c5 36. Rd1 Nc6 37. f4 Rxd1 38. Kxd1 Nd4 39. Ke1 a4 40. Kf2 a3 41.
Rd2 Rd8 42. Bd3 Nc6 43. Ke3 Nb4 44. Ke2 Rd5 45. Bb1 Kd8 46. Rxd5+ exd5 47. Ke3
Ke7 48. Kd2 d4 49. g4 hxg4 0-1

[Event "Nakhchivan Open 2016"]
[Site "Nakhchivan AZE"]
[Date "2016.05.12"]
[Round "3.19"]
[White "Fataliyeva, Ulviyya"]
[Black "Sevdimaliyev, Urfan"]
[Result "0-1"]
[WhiteTitle "WIM"]
[BlackTitle "GM"]
[WhiteElo "2301"]
[BlackElo "2400"]
[WhiteFideId "13403052"]
[BlackFideId "13402463"]
[EventDate "2016.05.10"]

1. e4 Nf6 2. Nc3 d5 3. exd5 Nxd5 4. Bc4 c6 5. d4 g6 6. Nf3 Bg7 7. Ne4 O-O 8. Bb3
Bf5 9. Ng3 Bg4 10. O-O Nb6 11. c3 e5 12. dxe5 Qxd1 13. Bxd1 N8d7 14. h3 Bxf3 15.
Bxf3 Nxe5 16. Be2 Nec4 17. a4 a5 18. b3 Ne5 19. Ba3 Rfd8 20. c4 Bf8 21. Bc1 f5
22. Bg5 Re8 23. Rad1 Ned7 24. Bf3 Bb4 25. h4 Nc5 26. Be3 Rxe3 27. fxe3 Nxb3 28.
Be2 Nxa4 29. Rd7 Nac5 30. Rc7 a4 31. e4 f4 32. Rxf4 Ne6 0-1

[Event "Nakhchivan Open 2016"]
[Site "Nakhchivan AZE"]
[Date "2016.05.12"]
[Round "3.20"]
[White "Abdulla, Khayala"]
[Black "Noroozi, Omid"]
[Result "0-1"]
[WhiteTitle "WGM"]
[BlackTitle "IM"]
[WhiteElo "2209"]
[BlackElo "2391"]
[WhiteFideId "13401807"]
[BlackFideId "12501190"]
[EventDate "2016.05.10"]

1. e4 c5 2. Nf3 d6 3. d4 cxd4 4. Nxd4 Nf6 5. Nc3 a6 6. Be2 e5 7. Nb3 Be7 8. Be3
Be6 9. Nd5 Nbd7 10. Qd3 Bxd5 11. exd5 O-O 12. O-O Ne8 13. f4 Rc8 14. c4 a5 15.
a4 Bf6 16. f5 b6 17. Nd2 Bg5 18. Bxg5 Qxg5 19. Ne4 Qh4 20. f6 Ndxf6 21. Rxf6
Nxf6 22. Nxd6 Rcd8 23. Nf5 Qe4 24. Qxe4 Nxe4 25. Ne7+ Kh8 26. Nc6 Rde8 27. Rd1
Nd6 28. c5 bxc5 29. Rc1 e4 30. Rxc5 f5 31. Nxa5 f4 32. Nc4 f3 33. gxf3 exf3 34.
Bd3 f2+ 35. Kg2 Re1 36. Bf1 Rc1 37. b4 Nf5 38. Bd3 Nh4+ 39. Kh3 Rc3 40. Kxh4
Rxd3 0-1

[Event "Nakhchivan Open 2016"]
[Site "Nakhchivan AZE"]
[Date "2016.05.12"]
[Round "3.21"]
[White "Bagheri, Maziar"]
[Black "Gasimov, Parviz"]
[Result "1-0"]
[BlackTitle "FM"]
[WhiteElo "2266"]
[BlackElo "2375"]
[WhiteFideId "12530913"]
[BlackFideId "13408798"]
[EventDate "2016.05.10"]

1. d4 Nf6 2. c4 c5 3. Nf3 cxd4 4. Nxd4 e5 5. Nb5 d5 6. cxd5 Bc5 7. e3 O-O 8.
N5c3 Qe7 9. Bc4 e4 10. Nd2 a6 11. Nb3 Bd6 12. Nd4 g6 13. h3 b5 14. Bb3 Bb7 15.
a3 Rd8 16. O-O Nbd7 17. f3 Nb6 18. fxe4 Nxe4 19. Qg4 Nxc3 20. bxc3 Qe5 21. e4
Qh2+ 22. Kf2 Bc8 23. Qf3 Nd7 24. Nc6 Re8 25. Be3 f5 26. exf5 Rf8 27. Bc2 Bc5 28.
Bxc5 Nxc5 29. Qg3 Qxg3+ 30. Kxg3 Bxf5 31. Ne7+ Kh8 32. Nxf5 gxf5 33. Rxf5 Rxf5
34. Bxf5 Rd8 35. Rd1 Kg7 36. d6 Nb7 37. d7 Kf6 38. Kf4 1-0

[Event "Nakhchivan Open 2016"]
[Site "Nakhchivan AZE"]
[Date "2016.05.12"]
[Round "3.22"]
[White "Emiroglu, Cankut"]
[Black "Ibrahimova, Sabina"]
[Result "1-0"]
[WhiteTitle "FM"]
[BlackTitle "WIM"]
[WhiteElo "2302"]
[BlackElo "2184"]
[WhiteFideId "6306659"]
[BlackFideId "13403893"]
[EventDate "2016.05.10"]

1. e4 c5 2. Nf3 Nc6 3. Bb5 g6 4. Bxc6 bxc6 5. O-O Bg7 6. Re1 e5 7. c3 Ne7 8. d4
cxd4 9. cxd4 exd4 10. Nxd4 O-O 11. Nc3 Qc7 12. Bg5 f6 13. Bh4 Rf7 14. Bg3 Qb6
15. Na4 Qa5 16. Bd6 Ba6 17. b4 Qh5 18. Qxh5 gxh5 19. Bxe7 Rxe7 20. Nc5 Bc8 21.
Nf5 Re8 22. Nd6 Rd8 23. Rad1 a5 24. bxa5 Ba6 25. Nxa6 Rxa6 26. Nb7 Rb8 27. Rxd7
Ra7 28. Rd8+ Rxd8 29. Nxd8 Rxa5 30. Nxc6 Rxa2 31. Nb4 Rd2 32. Nd5 Kf7 33. g3 f5
34. Nf4 Bd4 35. Re2 Rd1+ 36. Kg2 fxe4 37. Nxh5 Kg6 38. g4 e3 39. fxe3 Be5 40. h3
Kg5 41. Rf2 Bd6 42. Nf6 1-0

[Event "Nakhchivan Open 2016"]
[Site "Nakhchivan AZE"]
[Date "2016.05.12"]
[Round "3.23"]
[White "Idrisov, Tabriz"]
[Black "Iskandarov, Misratdin"]
[Result "0-1"]
[BlackTitle "IM"]
[WhiteElo "2273"]
[BlackElo "2419"]
[WhiteFideId "13402870"]
[BlackFideId "13400312"]
[EventDate "2016.05.10"]

1. Nf3 d6 2. d4 g6 3. g3 Bg7 4. Bg2 f5 5. O-O Nf6 6. c4 O-O 7. Nc3 c6 8. Re1 Ne4
9. Qc2 d5 10. Bf4 e6 11. Rad1 Nd7 12. Ne5 Qe7 13. Nxd7 Bxd7 14. Nxe4 fxe4 15. f3
exf3 16. exf3 Rxf4 17. gxf4 Qh4 18. cxd5 exd5 19. Qf2 Qxf4 20. Re7 Rd8 21. Qe3
Qd6 22. Qe1 Bf6 23. Re2 Qf4 24. Qf2 Rf8 25. Qe3 Bd8 26. Qxf4 Rxf4 27. Kf2 Rh4
28. Kg1 Kf7 29. Bf1 Bb6 30. Red2 Kf6 31. Kh1 g5 32. b4 Bc7 33. a4 Be8 34. Rb2
Bb6 35. Rbd2 Bh5 36. Kg2 Bc7 37. h3 Be8 38. b5 Bd7 39. bxc6 bxc6 40. Kg1 Bb6 41.
Kh2 h5 42. Kg3 Bf5 43. Rc1 Bd7 44. Rcd1 Ke7 45. Re2+ Kd8 46. Red2 Bf5 47. Bg2
Kd7 48. Kf2 Kd6 49. Kg3 Ba5 50. Re2 Bc3 51. Re5 Rxd4 52. Rxd4 Kxe5 53. Rd1 d4
54. Bf1 c5 55. Bc4 h4+ 56. Kg2 Kf4 0-1

[Event "Nakhchivan Open 2016"]
[Site "Nakhchivan AZE"]
[Date "2016.05.12"]
[Round "3.24"]
[White "Ahmadzada, Ahmad"]
[Black "Mammadova, Gulnar"]
[Result "0-1"]
[WhiteTitle "CM"]
[BlackTitle "WGM"]
[WhiteElo "2207"]
[BlackElo "2319"]
[WhiteFideId "13413007"]
[BlackFideId "13403508"]
[EventDate "2016.05.10"]

1. e4 e6 2. d4 d5 3. Nd2 Nf6 4. e5 Nfd7 5. Bd3 c5 6. c3 Nc6 7. Ne2 cxd4 8. cxd4
f6 9. exf6 Nxf6 10. Nf3 Bd6 11. O-O Qc7 12. Bd2 O-O 13. Rc1 Bd7 14. Ng3 Rae8 15.
Re1 Qb6 16. Bc3 Bf4 17. Rc2 Nb4 18. Bxb4 Qxb4 19. Ne2 Bb8 20. Nc3 g6 21. Bf1 Ng4
22. h3 Qd6 23. g3 Nh6 24. Ne5 a6 25. h4 Nf7 26. Nxd7 Qxd7 27. h5 e5 28. dxe5
Nxe5 29. Bg2 d4 30. Nd5 d3 31. Rd2 Ba7 32. Kf1 Nc4 33. Nf6+ Rxf6 34. Rxe8+ Qxe8
35. Bd5+ Kg7 36. Bxc4 Qe4 0-1